Southville International School and Colleges
Your cart is empty.
  • Cart
  • Lists
    Public lists Eva Luna New books Lux_list list_1
    Your lists Log in to create your own lists
  • Log in to your account
  • Your cookies
  • Search history
Southville International School and Colleges
  • Advanced search
  • Recent comments
  • Most popular
  • Libraries

Log in to your account

Log in with GOOGLE


If you do not have an external account, but do have a local account, you can still log in:

  1. Home
  2. MARC view: Different Girls
Normal view MARC view ISBD view

Different Girls (Record no. 243999)

[ view plain ]
MARC details
000 -LEADER
fixed length control field 01642cam a22003853a 4500
001 - CONTROL NUMBER
control field 14744
003 - CONTROL NUMBER IDENTIFIER
control field PGUSA
005 - DATE AND TIME OF LATEST TRANSACTION
control field 20140828083321.0
008 - FIXED-LENGTH DATA ELEMENTS--GENERAL INFORMATION
fixed length control field 050120s2005||||xxu|||||s|||||000 1 eng d
040 ## - CATALOGING SOURCE
Original cataloging agency PGUSA
Language of cataloging eng
042 ## - AUTHENTICATION CODE
Authentication code dc
050 #4 - LIBRARY OF CONGRESS CALL NUMBER
Classification number PS
245 10 - TITLE STATEMENT
Title Different Girls
Medium [electronic resource]
260 ## - PUBLICATION, DISTRIBUTION, ETC. (IMPRINT)
Name of publisher, distributor, etc Project Gutenberg,
Date of publication, distribution, etc 2005
505 0# - FORMATTED CONTENTS NOTE
Formatted contents note The Little Joys of Margaret, by Richard le Gallienne -- Kittie's Sister Josephine, by Elizabeth Jordan -- The Wizard's Touch, by Alice Brown -- The Bitter Cup, by Charles B. De Camp -- His Sister, by Mary Applewhite Bacon -- The Perfect Year, by Eleanor A. Hallowell -- Editha, by William Dean Howells -- The Stout Miss Hopkins's Bicycle, by Octave Thanet -- The Marrying of Esther, by Mary M. Mears -- Cordelia's Night of Romance, by Julian Ralph -- The Prize-Fund Beneficiary, by E. A. Alexander.
506 ## - RESTRICTIONS ON ACCESS NOTE
Terms governing access Public domain in the USA.
516 ## - TYPE OF COMPUTER FILE OR DATA NOTE
Type of computer file or data note Electronic text
653 ## - INDEX TERM--UNCONTROLLED
Uncontrolled term Short stories, American
653 ## - INDEX TERM--UNCONTROLLED
Uncontrolled term Girls -- Fiction
700 1# - ADDED ENTRY--PERSONAL NAME
Personal name Thanet, Octave,
Dates associated with a name 1850-1934
700 1# - ADDED ENTRY--PERSONAL NAME
Personal name Ralph, Julian,
Dates associated with a name 1853-1903
700 1# - ADDED ENTRY--PERSONAL NAME
Personal name Bacon, Mary Applewhite
700 1# - ADDED ENTRY--PERSONAL NAME
Personal name Mears, Mary M.
Fuller form of name (Mary Martha),
Dates associated with a name 1876-1943
700 1# - ADDED ENTRY--PERSONAL NAME
Personal name Jordan, Elizabeth Garver,
Dates associated with a name 1867-1947
700 1# - ADDED ENTRY--PERSONAL NAME
Personal name Le Gallienne, Richard,
Dates associated with a name 1866-1947
700 1# - ADDED ENTRY--PERSONAL NAME
Personal name Alexander, E. A.
700 1# - ADDED ENTRY--PERSONAL NAME
Personal name Howells, William Dean,
Dates associated with a name 1837-1920
700 1# - ADDED ENTRY--PERSONAL NAME
Personal name De Camp, Charles B.
700 1# - ADDED ENTRY--PERSONAL NAME
Personal name Alden, Henry Mills,
Dates associated with a name 1836-1919
700 1# - ADDED ENTRY--PERSONAL NAME
Personal name Brown, Alice,
Dates associated with a name 1857-1948
700 1# - ADDED ENTRY--PERSONAL NAME
Personal name Hallowell, Eleanor A.
830 #0 - SERIES ADDED ENTRY--UNIFORM TITLE
Uniform title Project Gutenberg
Volume number/sequential designation 14744
856 40 - ELECTRONIC LOCATION AND ACCESS
Uniform Resource Identifier <a href="http://www.gutenberg.org/ebooks/14744">http://www.gutenberg.org/ebooks/14744</a>
942 ## - ADDED ENTRY ELEMENTS (KOHA)
Koha item type eBooks
Holdings
Withdrawn status Lost status Damaged status Home library Current library Date acquired Total Checkouts Date last seen Price effective from Koha item type
      Project Gutenberg Project Gutenberg 08/28/2014   08/28/2014 08/28/2014 eBooks

Different Girls

APA

Thanet O., Ralph J., Bacon M. A., Mears M. M., Jordan E. G., Le Gallienne R., Alexander E. A., Howells W. D., De Camp C. B., Alden H. M., Brown A. & Hallowell E. A. (2005). Different Girls. : Project Gutenberg.

Chicago

Thanet Octave, Ralph Julian, Bacon Mary Applewhite, Mears Mary M, Jordan Elizabeth Garver, Le Gallienne Richard, Alexander E A, Howells William Dean, De Camp Charles B, Alden Henry Mills, Brown Alice and Hallowell Eleanor A. 2005. Different Girls. : Project Gutenberg.

Harvard

Thanet O., Ralph J., Bacon M. A., Mears M. M., Jordan E. G., Le Gallienne R., Alexander E. A., Howells W. D., De Camp C. B., Alden H. M., Brown A. and Hallowell E. A. (2005). Different Girls. : Project Gutenberg.

MLA

Thanet Octave, Ralph Julian, Bacon Mary Applewhite, Mears Mary M, Jordan Elizabeth Garver, Le Gallienne Richard, Alexander E A, Howells William Dean, De Camp Charles B, Alden Henry Mills, Brown Alice and Hallowell Eleanor A. Different Girls. : Project Gutenberg. 2005.

  • Place hold
  • Print
  • Cite
  • Add to your cart (remove)
  • Save record
    BIBTEX Dublin Core MARCXML MARC (non-Unicode/MARC-8) MARC (Unicode/UTF-8) MARC (Unicode/UTF-8, Standard) MODS (XML) RIS
  • More searches
    Search for this title in:
    Other Libraries (WorldCat) Other Databases (Google Scholar) Online Stores (Bookfinder.com) Open Library (openlibrary.org)

Exporting to Dublin Core...

SOUTHVILLE LIBRARY

Southville International School and Colleges Library

1281 Tropical Ave. Cor. Luxembourg St., BF Homes International, Las Pinas City

Tel. No. 8256374 / 252358 Loc. 117/146

Powered by Koha